• 首页
  • 本馆介绍
  • 公告通知
  • 最新文献
  • 馆藏检索
  • 电子资源
  • 读者导购
  • 参考咨询
  • 我的图书馆
  • 登录
  • 详细信息显示
  • 放入我的书架
  • 预约/预借图书
  • 作者相关作品
  • 分类相关作品
  • 丛书相关作品
  • 出版社相关作品

书目信息

  • 表格格式
  • 工作单格式
  • 卡片格式
题名:
战争海报收藏
    
 
作者: 范大鹏
分册: 上册  
出版信息: 北京   现代出版社  2002
页数: 237
开本: 20cm
丛书名:
单 册:
中图分类: J941
科图分类:
主题词: 电影工作--组织 , 电影工作--管理
电子资源:
ISBN: 7-80028-662-2
000 00535nam0 2200193 450
001 0756861437
005 20070930154741.43
010    @a7-80028-662-2@d¥32.00
100    @a20070930d km y0chiy0120 ea
101 0  @achi
200 1  @a战争海报收藏@Azhan zheng hai bao shou cang@h上册@f范大鹏@Ffan da peng
210    @a北京@c现代出版社@d2002
215    @a237@d20cm
606 0  @a电影工作@x组织
606 0  @a电影工作@x管理
690    @aJ941@v3
701  0 @a范大鹏@Afan da peng
801  0 @aCN@bPFT@c20070930
905    @a213230@dJ941@eM60@f1
    
    战争海报收藏.上册/范大鹏.-北京:现代出版社,2002
    237;20cm
    
    
    ISBN 7-80028-662-2:¥32.00
    
●
相关链接 在E读中查询图书 在五车中查询图书 在当当中查询图书 在豆瓣中查询图书


正题名:战争海报收藏     索取号:J941/M60         预约/预借

序号 登录号 条形码 馆藏地/架位号 状态 备注
1 6401653   264016530   密集书库-美术系/ [索取号:J941/M60] 在馆    
唐山师范学院图书馆 欢迎您!
大连网信软件有限公司© 版权所有